Normal view MARC view
  • Digital Design: Principles and Practices

Entry Topical Term

Number of records used in: 2

001 - CONTROL NUMBER

  • control field: 83918

003 - CONTROL NUMBER IDENTIFIER

  • control field: NUST

005 - DATE AND TIME OF LATEST TRANSACTION

  • control field: 20211111144927.0

008 - FIXED-LENGTH DATA ELEMENTS

  • fixed length control field: 211111|| aca||aabn | a|a d

040 ## - CATALOGING SOURCE

  • Original cataloging agency: NUST
  • Transcribing agency: NUST

150 ## - HEADING--TOPICAL TERM

  • Topical term or geographic name entry element: Digital Design: Principles and Practices

670 ## - SOURCE DATA FOUND

  • Source citation: Work cat.: (NUST)586693: Muhammad Kamran Khalid 17779, TH-SOF-1938-Exploring Audit Fatigue in Light of Sustainable Supply Chains: A Case of Pakistani Textile Sector, 2021.
© 2023 Central Library, National University of Sciences and Technology. All Rights Reserved.